00323pab a2200121 454500008004000000245008300040260000900123300001200132362000800144650001400152650002300166773001200189180718b1998 xxu||||| |||| 00| 0 eng d aRIGHT to education: a symposium on the state of basic education in our country c1998 ap.12-90 aApr aEducation aRight to education aSeminar